000 01142cam a2200385 4500
001 ABS64225
008 010808n2001 000 0 eng u
035 _a(Sirsi) u114005
100 _aHiorns, N.
245 _aPart B
260 _c2001
490 _aBuilding Engineer
_v76(7) July 2001, 10-31(22)
520 _aFeature focusing on fire risk management in heritage buildings, fire protection systems, fire containments and fire-fighting provisions.
590 _aABS
650 _aAPPROVED DOCUMENT B
650 _aBUILDING REGULATIONS
_96224
650 _aBUILDING REGULATIONS PART B
650 _aFIRE CONTROL
650 _aFIRE FIGHTING PROVISIONS
650 _aFIRE PRECAUTIONS
650 _aFIRE PROTECTION
650 _aFIRE PROTECTION SYSTEMS
650 _aFIRE RISK
650 _aFIRE RISK MANAGEMENT
650 _aMANAGEMENT-HEALTH AND SAFETY-FIRE SAFETY
650 _aPART B
690 _aBUILT ENVIRONMENT-BUILDING STANDARDS
700 _aDawkin, A.
700 _aCherry, J.
700 _aIngram, G.
700 _aLowe, D.
700 _aHopkinson, J.
700 _aWilson, B.
942 _n0
999 _c67946
_d67946